• 首页
  • 本馆介绍
  • 公告通知
  • 最新文献
  • 馆藏检索
  • 电子资源
  • 读者导购
  • 参考咨询
  • 我的图书馆
  • 登录
  • 详细信息显示
  • 放入我的书架
  • 预约/预借图书
  • 作者相关作品
  • 分类相关作品
  • 丛书相关作品
  • 出版社相关作品

书目信息

  • 表格格式
  • 工作单格式
  • 卡片格式
题名:
北京市深化文化体制改革的历史经验与路径选择
    
 
作者: 卫志民, 著
分册:  
出版信息: 北京   中共中央党校出版社  2017
页数: 307页
开本: 25cm
丛书名:
单 册:
中图分类: G127.1
科图分类:
主题词: 地方文化--di fang wen hua--文化事业--体制改革--研究--北京市
电子资源:
ISBN: 978-7-5035-5908-2
000 01311nam0 2200277 450
001 012001003636
005 20140113173118.0
010    @a978-7-5035-5908-2@dCNY58.00
099    @aCAL 012017166041
100    @a20170821d2017 em y0chiy50 ea
101 0  @achi
102    @aCN@b110000
105    @ak a 000yy
106    @ar
200 1  @a北京市深化文化体制改革的历史经验与路径选择@Abei jing fu shen hua wen hua ti zhi gai ge de li shi jing yan yu lu jing xuan ze@d= History lessons and path selection of deepening reform of the cultural system in Beijing@f卫志民著@zeng
210    @a北京@c中共中央党校出版社@d2017
215    @a307页@d25cm
300    @a北京师范大学政府管理学院学术著作出版基金资助
320    @a有书目
330    @a本书总结了十六大以来特别是十八大以来北京市深化文化体制改革的阶段、内容与成效,深入分析了当前北京市深化文化体制改革中存在的主要问题与原因,归纳提炼出北京市深化文化体制改革的历史经验与发展规律,有针对性地提出了北京市深化文化体制改革的对策与建议。
510 1  @aHistory lessons and path selection of deepening reform of the cultural system in Beijing@zeng
606 0  @a地方文化@Adi fang wen hua@x文化事业@x体制改革@x研究@y北京市
690    @aG127.1@v5
701  0 @a卫志民,@Awei zhi min@f1968-@4著
801    @b江苏凤凰@c20191020
905    @b1236636-41@dG127.1@e283@f6
    
    北京市深化文化体制改革的历史经验与路径选择= History lessons and path selection of deepening reform of the cultural system in Beijing/卫志民著.-北京:中共中央党校出版社,2017
    307页;25cm
    北京师范大学政府管理学院学术著作出版基金资助
    
    ISBN 978-7-5035-5908-2:CNY58.00
    本书总结了十六大以来特别是十八大以来北京市深化文化体制改革的阶段、内容与成效,深入分析了当前北京市深化文化体制改革中存在的主要问题与原因,归纳提炼出北京市深化文化体制改革的历史经验与发展规律,有针对性地提出了北京市深化文化体制改革的对策与建议。
●
相关链接 在E读中查询图书 在五车中查询图书 在当当中查询图书 在豆瓣中查询图书


正题名:北京市深化文化体制改革的历史经验与路径选择     索取号:G127.1/283         预约/预借

序号 登录号 条形码 馆藏地/架位号 状态 备注
1 1236636   212366367   第一样本阅览室/ [索取号:G127.1/283] 在馆    
2 1236637   212366376   教育系资料室/ [索取号:G127.1/283] 在馆    
3 1236638   212366385   教育系资料室/ [索取号:G127.1/283] 在馆    
4 1236639   212366394   第四借阅区/ [索取号:G127.1/283] 在馆    
5 1236640   212366401   第四借阅区/ [索取号:G127.1/283] 在馆    
6 1236641   212366410   第四借阅区/ [索取号:G127.1/283] 在馆    
唐山师范学院图书馆 欢迎您!
大连网信软件有限公司© 版权所有